| 000 | 00527nam a2200181 i 4500 | ||
|---|---|---|---|
| 001 | 76958 | ||
| 003 | ES-MaACL | ||
| 005 | 20230906173031.0 | ||
| 007 | t| | ||
| 008 | 041006s1966 sp ||||1| spa d | ||
| 100 | 1 |
_aGurri Serra, Francesc. _960999 |
|
| 245 | 1 | 0 |
_aRutas turísticas de Cataluña / _cFrancesc Gurri Serra. |
| 260 |
_aGranollers : _bAlpina, _c[1966] |
||
| 300 |
_a1 v. : _bil. ; _c20 cm. |
||
| 500 | _aEs el v. 1º. | ||
| 651 | 4 |
_aCataluña- _vGuías turísticas. _9143349 |
|
| 852 |
_aES-MaACL _jP-1110 _bR.61406 |
||
| 999 |
_c76958 _d76958 |
||